Every Oregon duck drafted since 2002 - Statistics

General Stats
  • This quiz has been taken 21 times
  • The average score is 31 of 92
Answer Stats
Hint Rd. Team Pos. Answer % Correct
2024 1 Broncos QB Bo Nix
93%
2020 1 Chargers QB Justin Herbert
93%
2023 5 Bears LB Noah Sewell
93%
2021 1 Lions OT Penei Sewell
93%
2025 7 Buccaneers WR Tez Johnson
93%
2023 1 Patriots CB Christian Gonzalez
80%
2025 3 Browns QB Dillon Gabriel
80%
2024 2 Raiders G Jackson Powers-Johnson
80%
2015 1 Titans QB Marcus Mariota
80%
2024 4 Broncos WR Troy Franklin
80%
2024 4 Buccaneers RB Bucky Irving
73%
2025 1 Steelers DT Derrick Harmon
73%
2023 3 Panthers OLB D.J. Johnson
73%
2012 2 49ers RB LaMichael James
73%
2025 5 49ers RB Jordan James
67%
2022 1 Giants DE Kayvon Thibodeaux
67%
2025 2 Rams TE Terrance Ferguson
67%
2006 4 Ravens WR Demetrius Williams
60%
2024 4 Packers S Evan Williams
60%
2025 1 Commanders OT Josh Conerly Jr.
60%
2024 4 Vikings CB Khyree Jackson
60%
2014 4 Chiefs RB De'Anthony Thomas
53%
2025 3 Cardinals DE Jordan Burch
53%
2018 3 Broncos RB Royce Freeman
53%
2015 1 49ers DE Arik Armstead
47%
2006 1 Ravens DT Haloti Ngata
47%
2025 5 Chiefs LB Jeffrey Bassa
47%
2002 1 Lions QB Joey Harrington
47%
2013 6 Panthers RB Kenjon Barner
47%
2020 4 Vikings ILB Troy Dye
47%
2016 1 49ers DE DeForest Buckner
40%
2021 5 49ers CB Deommodore Lenoir
40%
2021 2 Dolphins S Jevon Holland
40%
2025 6 Cowboys OT Ajani Cornelius
33%
2023 7 Broncos C Alex Forsyth
33%
2013 1 Dolphins DE Dion Jordan
33%
2025 3 Chargers DT Jamaree Caldwell
33%
2008 1 Panthers RB Jonathan Stewart
33%
2013 2 Bills LB Kiko Alonso
33%
2010 2 Browns S T.J. Ward
33%
2008 5 Steelers QB Dennis Dixon
27%
2015 3 Bears C Hroniss Grasu
27%
2014 3 Eagles WR Josh Huff
27%
2021 6 Bears CB Thomas Graham Jr.
27%
2024 4 Falcons DT Brandon Dorlus
20%
2019 7 Vikings WR Dillon Mitchell
20%
2024 6 Texans LB Jamal Hill
20%
2013 6 Colts S John Boyett
20%
2023 7 Giants DT Jordan Riley
20%
2006 2 Jets QB Kellen Clemens
20%
2013 1 Bears G Kyle Long
20%
2003 4 Vikings RB Onterrio Smith
20%
2009 2 Patriots S Patrick Chung
20%
2020 5 Giants G Shane Lemieux
20%
2014 7 Cowboys CB Terrance Mitchell
20%
2011 4 Eagles LB Casey Matthews
13%
2012 7 Steelers TE David Paulson
13%
2010 3 Ravens TE Ed Dickerson
13%
2003 4 Jaguar TE George Wrightster
13%
2004 2 Chargers DT Igor Olshansky
13%
2016 7 Eagles LB Joe Walker
13%
2007 6 Seahawks WR Jordan Kent
13%
2009 7 Seahawks DE Nick Reed
13%
2009 6 Steelers DT Ra'Shon Harris
13%
2004 4 Chiefs WR Samie Parker
13%
2014 5 Eagles DE Taylor Hart
13%
2018 5 Lions OT Tyrell Crosby
13%
2019 4 Seahawks S Ugo Amadi
13%
2005 3 49ers G Adam Snyder
7%
2021 6 Titans S Brady Breeze
7%
2007 5 Panthers TE Dante Rosario
7%
2009 5 Eagles OT Fenuki Tupou
7%
2008 7 Panthers OT Geoff Schwartz
7%
2015 7 Browns CB Ifo Ekpre-Olomu
7%
2009 2 Bills S Jairus Byrd
7%
2015 2 Bengals OT Jake Fisher
7%
2020 6 Packers C Jake Hanson
7%
2019 7 Cowboys DE Jalen Jelks
7%
2012 5 Dolphins LB Josh Kaddu
7%
2004 2 Chiefs DT Junior Siavii
7%
2019 5 Broncos LB Justin Hollins
7%
2006 7 Buccaneers CB Justin Phinisee
7%
2003 7 Vikings WR Keenan Howry
7%
2004 6 49ers S Keith Lewis
7%
2023 6 Ravens OT Malaesala Aumavae-laulu
7%
2005 7 49ers WR Marcus Maxwell
7%
2012 6 Bills G Mark Asper
7%
2007 6 Bengals DT Matt Toeaina
7%
2002 2 Seahawks RB Maurice Morris
7%
2009 2 Seahawks C Max Unger
7%
2002 3 Redskins CB Rashad Bauman
7%
2010 4 Seahawks CB Walter Thurmond
7%
No matching quizzes found
Score Distribution
Percent of People with Each Score
Percentile by Number Answered
Your Score History
You have not taken this quiz